El Fondo de la presión del Fondo

Guardado en:
Bibliografiske detaljer
Format: Texto
Tags: Tilføj Tag
Ingen Tags, Vær først til at tagge denne postø!

MARC

LEADER 00000 a a2200000 04500
001 7111
003
040
245 |a El Fondo de la presión del Fondo  
773 |g volumen 18, número 212; páginas 3-11  
999 |c 39623  |d 39623